[Event "FRA-chT4 1314"]
[Site "Champagne Ardennes"]
[Date "2014.01.12"]
[Round "4"]
[White "Sohier, Renaud"]
[Black "Belloy, Nicolas"]
[Result "0-1"]
[WhiteElo "2026"]
[BlackElo "1957"]
[PlyCount "83"]
[EventDate "2013.10.25"]
[EventType "team-tourn"]
[EventRounds "7"]
[EventCountry "FRA"]
[SourceTitle "EXT 2024"]
[Source "ChessBase"]
[SourceDate "2023.10.10"]
[SourceVersion "1"]
[SourceVersionDate "2023.10.10"]
[SourceQuality "1"]

1. d4 d5 2. c4 c6 3. Nf3 Nf6 4. g3 Bf5 5. Bg2 e6 6. 0-0 Be7 7. Qb3 Qb6 8. Qxb6 axb6 9. cxd5 exd5 10. Bf4 Nbd7 11. Nbd2 Ne4 12. h3 h6 13. g4 Bh7 14. Nb3 0-0 15. a4 Ra7 16. a5 Rfa8 17. axb6 Nxb6 18. Rxa7 Rxa7 19. Ne5 Ra2 20. Nd3 Nc4 21. f3 Ned6 22. Nbc1 Ra1 23. e4 g5 24. Bxd6 Bxd6 25. Re1 Bg3 26. Re2 Bf4 27. Re1 Be3+ 28. Kh2 dxe4 29. fxe4 Bxd4 30. b3 Ne5 31. Nxe5 Bxe5+ 32. Kg1 Bg3 33. Rf1 Bf4 34. Nd3 Be3+ 35. Nf2 Ra2 36. Bf3 Kf8 37. Kg2 Ke7 38. Kg3 Bxf2+ 39. Rxf2 Rxf2 40. Kxf2 Kd6 41. Ke3 Ke5 42. Be2 0-1

[Event "FRA-chT4 1314"]
[Site "Champagne Ardennes"]
[Date "2013.12.15"]
[Round "3.2"]
[White "Belloy, Nicolas"]
[Black "Hanot, Wilfried"]
[Result "1/2-1/2"]
[WhiteElo "1949"]
[BlackElo "1819"]
[PlyCount "65"]
[EventDate "2013.10.25"]
[EventType "team-tourn"]
[EventRounds "7"]
[EventCountry "FRA"]
[SourceTitle "EXT 2024"]
[Source "ChessBase"]
[SourceDate "2023.10.10"]
[SourceVersion "1"]
[SourceVersionDate "2023.10.10"]
[SourceQuality "1"]

1. d4 Nf6 2. c4 c5 3. d5 b5 4. cxb5 a6 5. bxa6 Bxa6 6. Nf3 d6 7. g3 g6 8. Bg2 Bg7 9. 0-0 0-0 10. Re1 Nbd7 11. Nc3 Qc7 12. Rb1 Rfb8 13. b3 Qa5 14. Bd2 Nb6 15. a4 Nbd7 16. Qc2 Qd8 17. h3 Ra7 18. Be3 Rab7 19. Nd2 Qa5 20. f4 Nh5 21. Nce4 f5 22. g4 fxg4 23. hxg4 Nhf6 24. Nxf6+ Nxf6 25. Bf3 Rb4 26. Ne4 Nxe4 27. Bxe4 Rxb3 28. Kf2 Rxb1 29. Rxb1 Rxb1 30. Qxb1 Qxa4 31. f5 gxf5 32. Bxf5 h6 33. Be6+ 1/2-1/2

[Event "FRA-chT4 0506"]
[Site "France"]
[Date "2006.??.??"]
[Round "7"]
[White "Collinet, Laurent"]
[Black "Belloy, Nicolas"]
[Result "0-1"]
[WhiteElo "1810"]
[BlackElo "1930"]
[PlyCount "132"]
[EventDate "2005.10.02"]
[EventType "team"]
[EventRounds "9"]
[EventCountry "FRA"]
[SourceTitle "EXT 2007"]
[Source "ChessBase"]
[SourceDate "2006.11.23"]
[SourceVersion "1"]
[SourceVersionDate "2006.11.23"]
[SourceQuality "1"]

1. c4 c6 2. Nc3 d5 3. e3 Nf6 4. d4 e6 5. cxd5 exd5 6. Nf3 Bd6 7. g3 Bg4 8. Bg2 Nbd7 9. 0-0 0-0 10. Re1 Ne4 11. Qc2 Ndf6 12. Nd2 Ng5 13. f3 Bh5 14. e4 Qb6 15. Qd3 Bg6 16. Qe3 Ne6 17. Nb3 dxe4 18. Nxe4 Nd5 19. Qf2 Bb4 20. Bd2 Rad8 21. Rad1 Rfe8 22. f4 Bxe4 23. Bxe4 Nf6 24. Bxb4 Qxb4 25. Bb1 Nc7 26. Rxe8+ Rxe8 27. Qd2 Qxd2 28. Nxd2 Nb5 29. Nf3 Re2 30. a4 Nc7 31. Rd2 Rxd2 32. Nxd2 Ncd5 33. h3 g6 34. Kf2 Kf8 35. Nc4 Ke7 36. Kf3 Nb6 37. Nxb6 axb6 38. Ke3 Ne8 39. g4 Nd6 40. b3 f6 41. h4 b5 42. Bd3 bxa4 43. bxa4 Ke6 44. g5 Nf5+ 45. Bxf5+ Kxf5 46. Kf3 Ke6 47. Ke3 fxg5 48. hxg5 Kd5 49. Kd3 b6 50. Ke3 Kc4 51. Ke4 Kb4 52. d5 cxd5+ 53. Kxd5 Kxa4 54. Ke6 b5 55. Kf7 b4 56. Kg7 b3 57. Kxh7 b2 58. Kxg6 b1Q+ 59. f5 Qe4 60. Kf6 Qe8 61. Kg7 Qe7+ 62. Kg6 Qf8 63. f6 Qg8+ 64. Kf5 Qh7+ 65. Ke6 Qg6 66. Ke7 Qxg5 0-1

[Event "FRA-chT4 0506"]
[Site "France"]
[Date "2005.12.04"]
[Round "3"]
[White "Belloy, Nicolas"]
[Black "Hanot, Wilfried"]
[Result "1-0"]
[WhiteElo "1960"]
[BlackElo "1860"]
[PlyCount "81"]
[EventDate "2005.10.02"]
[EventType "team"]
[EventRounds "9"]
[EventCountry "FRA"]
[SourceTitle "EXT 2007"]
[Source "ChessBase"]
[SourceDate "2006.11.23"]
[SourceVersion "1"]
[SourceVersionDate "2006.11.23"]
[SourceQuality "1"]

1. d4 e6 2. c4 Nf6 3. Nf3 d5 4. Nc3 c6 5. e3 Nbd7 6. Bd3 Bd6 7. 0-0 e5 8. cxd5 cxd5 9. e4 dxe4 10. Nxe4 Nxe4 11. Bxe4 0-0 12. dxe5 Nxe5 13. Nxe5 Bxe5 14. Bxh7+ Kxh7 15. Qh5+ Kg8 16. Qxe5 Re8 17. Qc3 Bf5 18. Be3 b6 19. Rad1 Qh4 20. Rd4 Qf6 21. Qd2 Qg6 22. Rd6 f6 23. Qd5+ Kh8 24. Qf3 Re4 25. Rc1 Rae8 26. Rd4 Rxd4 27. Bxd4 Re4 28. Be3 Rg4 29. h3 Re4 30. Rc3 Qh7 31. Qg3 Re5 32. a3 g5 33. Bd4 Re1+ 34. Kh2 Qh6 35. Qb8+ Kh7 36. Rc6 Kg6 37. Qg8+ Kh5 38. Qf7+ Bg6 39. g4+ Kh4 40. Qxf6 Re4 41. Qf3 1-0

[Event "FRA-chT4 0304"]
[Site "Champagne Ardenne"]
[Date "2004.01.18"]
[Round "4"]
[White "Crepaux, Jean Marie"]
[Black "Belloy, Nicolas"]
[Result "0-1"]
[WhiteElo "1940"]
[BlackElo "1990"]
[PlyCount "58"]
[EventDate "2003.10.??"]
[EventRounds "6"]
[EventCountry "FRA"]
[SourceTitle "EXT 2005"]
[Source "ChessBase"]
[SourceDate "2004.11.15"]
[SourceVersion "1"]
[SourceVersionDate "2004.11.15"]
[SourceQuality "1"]

1. e4 c6 2. d4 d5 3. e5 Bf5 4. g4 Bd7 5. Bd3 e6 6. Nf3 c5 7. c3 Nc6 8. Be3 cxd4 9. cxd4 Nb4 10. Be2 Rc8 11. Nc3 Ne7 12. a3 Nbc6 13. Bd3 Ng6 14. h4 Be7 15. g5 Qc7 16. Qc2 a6 17. Kd2 Ngxe5 18. dxe5 Nxe5 19. Nd4 Bc5 20. Rh3 Nxd3 21. Qxd3 e5 22. Rg3 exd4 23. Bxd4 0-0 24. Nxd5 Qd6 25. Bxg7 Kxg7 26. h5 Qe5 27. h6+ Kh8 28. Nf6 Bf5 29. Qc3 Rfd8+ 0-1